Guía práctica de biopsia hepática en el adulto (Record no. 75389)

MARC details
000 -LEADER
campo de control de longitud fija 00511nam a2200157 i 4500
001 - NÚMERO DE CONTROL
campo de control 75389
003 - IDENTIFICADOR DE NÚMERO DE CONTROL
campo de control ES-MaACL
007 - CAMPO FIJO DE DESCRIPCIÓN FÍSICA--INFORMACIÓN GENERAL
campo de control de longitud fija t|
008 - DATOS DE LONGITUD FIJA--INFORMACIÓN GENERAL
campo de control de longitud fija 040924s1974 sp ||||1| spa d
100 1# - ENTRADA PRINCIPAL--NOMBRE DE PERSONA
Nombre de persona Grases, Pedro J.
9 (RLIN) 59689
245 10 - MENCIÓN DEL TÍTULO
Título Guía práctica de biopsia hepática en el adulto
Resto del título : correlación clinicopatológica /
Mención de responsabilidad, etc. Pedro J., Simón Beker G.
260 ## - PUBLICACIÓN, DISTRIBUCIÓN, ETC.
Lugar de publicación, distribución, etc. Barcelona :
Nombre del editor, distribuidor, etc. Labor,
Fecha de publicación, distribución, etc. [1974]
300 ## - DESCRIPCIÓN FÍSICA
Extensión XII, 104 p. :
Otras características físicas il. ;
Dimensiones 28 cm.
700 1# - ENTRADA AGREGADA--NOMBRE PERSONAL
Nombre de persona Beker G., Grases.
9 (RLIN) 27101
852 ## - LOCALIZACIÓN
Ubicación ES-MaACL
Número de control de estantería E-8794
Sublocalización o colección R.93320
Holdings
Estatus retirado Estado de pérdida Estado de daño No para préstamo Biblioteca de origen Biblioteca actual Ubicación en estantería Fecha de adquisición Fuente de adquisición Total de préstamos Signatura topográfica completa Código de barras Visto por última vez Precio de reemplazo Tipo de ítem Koha
        Biblioteca del Ateneo de Madrid Biblioteca del Ateneo de Madrid Depósito 2 17/01/2008     E-8794 1078905 23/02/2023 23/02/2023 Libro impreso